[Event "Reykjavik Open 2025"]
[Site "Reykjavik, Iceland"]
[Date "2025.04.12"]
[Round "5.34"]
[White "Saine, Zachary"]
[Black "Khaledi, Omid"]
[Result "1/2-1/2"]
[WhiteElo "2019"]
[WhiteFideId "2624346"]
[BlackElo "2228"]
[BlackFideId "22514635"]
[TimeControl "90+30 +30 after 40 moves"]
[Variant "Standard"]
[StudyName "Round 5"]
1. e4 { [%clk 1:30:58] } 1... c5 { [%clk 1:24:27] } 2. Nf3 { [%clk 1:31:17] } 2... e6 { [%clk 1:24:45] } 3. d4 { [%clk 1:31:36] } 3... cxd4 { [%clk 1:25:08] } 4. Nxd4 { [%clk 1:32:00] } 4... Nf6 { [%clk 1:25:32] } 5. Nc3 { [%clk 1:32:22] } 5... Nc6 { [%clk 1:25:55] } 6. Nxc6 { [%clk 1:32:36] } 6... bxc6 { [%clk 1:26:19] } 7. e5 { [%clk 1:32:56] } 7... Nd5 { [%clk 1:26:46] } 8. Ne4 { [%clk 1:33:17] } 8... Qc7 { [%clk 1:26:14] } 9. f4 { [%clk 1:33:39] } 9... Qb6 { [%clk 1:26:39] } 10. c4 { [%clk 1:34:03] } 10... Bb4+ { [%clk 1:26:23] } 11. Ke2 { [%clk 1:34:14] } 11... Ba6 { [%clk 1:25:33] } 12. Kf3 { [%clk 1:34:34] } 12... f5 { [%clk 1:25:52] } 13. exf6 { [%clk 1:34:54] } 13... Nxf6 { [%clk 1:26:10] } 14. c5 { [%clk 1:34:12] } 14... Bxc5 { [%clk 1:17:39] } 15. Nxc5 { [%clk 1:34:11] } 15... Bxf1 { [%clk 1:04:09] } 16. Na4 { [%clk 1:34:16] } 16... Qb5 { [%clk 0:39:38] } 17. Rxf1 { [%clk 1:34:04] } 17... Qh5+ { [%clk 0:38:27] } 18. Kf2 { [%clk 1:34:05] } 18... Ng4+ { [%clk 0:38:22] } 19. Ke1 { [%clk 1:34:08] } 19... O-O { [%clk 0:37:41] } 20. h3 { [%clk 1:11:20] } 20... Qh4+ { [%clk 0:37:28] } 21. Ke2 { [%clk 1:06:15] } 21... Nh2 { [%clk 0:31:17] } 22. Rh1 { [%clk 1:00:55] } 22... e5 { [%clk 0:29:37] } 23. f5 { [%clk 0:32:21] } 23... Rxf5 { [%clk 0:20:44] } 24. Be3 { [%clk 0:12:31] } 24... Raf8 { [%clk 0:16:23] } 25. Qb3+ { [%clk 0:09:40] } 25... d5 { [%clk 0:16:46] } 26. Rae1 { [%clk 0:09:31] } 26... Qe4 { [%clk 0:03:16] } 27. Rxh2 { [%clk 0:05:57] } 27... Rf2+ { [%clk 0:03:39] } 28. Kd1 { [%clk 0:06:22] } 28... Qb1+ { [%clk 0:03:58] } 29. Bc1 { [%clk 0:06:47] } 29... R8f4 { [%clk 0:04:22] } 30. Qb8+ { [%clk 0:03:34] } 30... Rf8 { [%clk 0:04:34] } 31. Qb3 { [%clk 0:03:55] } 31... R8f4 { [%clk 0:01:57] } 32. Qb8+ { [%clk 0:03:05] } 32... Rf8 { [%clk 0:02:17] } 33. Qb3 { [%clk 0:01:31] } 33... h6 { [%clk 0:02:15] } 34. Nc5 { [%clk 0:01:19] } 34... R8f4 { [%clk 0:02:14] } 1/2-1/2

[Event "Reykjavik Open 2025"]
[Site "Reykjavik"]
[Date "2025.04.12"]
[Round "5.45"]
[White "Lu, Miaoyi"]
[Black "Tscheuschner, Georg"]
[Result "1-0"]
[WhiteElo "2429"]
[WhiteFideId "8618020"]
[BlackElo "2168"]
[BlackFideId "12935549"]
[Variant "Standard"]
[StudyName "ROPen 2025 - Rd5 - Boards 45-108"]
1. d4 Nf6 2. c4 e6 3. Nc3 Bb4 4. e3 O-O 5. Ne2 c6 6. a3 Ba5 7. b4 Bc7 8. e4 d5 9. e5 Nfd7 10. h4 f6 11. Nf4 Nb6 12. h5 fxe5 13. Ng6 exd4 14. Nxf8 Qxf8 15. h6 g6 16. Qxd4 Bd8 17. Bb2 Bf6 18. Qd2 a5 19. Bd3 N8d7 20. c5 axb4 21. axb4 Rxa1+ 22. Bxa1 Na4 23. Bc2 Nxc3 24. Bxc3 e5 25. O-O b6 26. f4 e4 27. cxb6 Nxb6 28. Bd4 Nc4 29. Qc3 Be7 30. Bxe4 Bxb4 31. Qd3 Qxh6 32. Bf3 Nd2 33. Rc1 Qxf4 34. Bxd5+ cxd5 35. Rxc8+ Kf7 36. Rh8 Qh4 37. Bf2 Qh5 38. Qc2 Ke6 39. Qc6+ Kf7 40. Qe8+ Kf6 41. Qd8+ Kf7 42. Qg8+ Kf6 43. Bd4+ Kf5 44. Qxd5+ Kf4 45. Be3+ Kg3 46. Qxh5 gxh5 47. Rg8+ Kh4 48. Bf2# 1-0

[Event "Reykjavik Open 2025"]
[Site "Reykjavik"]
[Date "2025.04.12"]
[Round "5.46"]
[White "Thorhallsson, Throstur"]
[Black "Zhou, Guijue"]
[Result "1-0"]
[WhiteElo "2394"]
[WhiteFideId "2300109"]
[BlackElo "2127"]
[BlackFideId "8602905"]
[Variant "Standard"]
[StudyName "ROPen 2025 - Rd5 - Boards 45-108"]
1. e4 c5 2. Nf3 e6 3. d4 cxd4 4. Nxd4 Nf6 5. Nc3 Nc6 6. a3 Be7 7. Be3 O-O 8. f4 d5 9. e5 Nd7 10. Qd2 a6 11. Nf3 b5 12. Be2 Bb7 13. O-O Qc7 14. Kh1 Rad8 15. Bd3 f5 16. exf6 Bxf6 17. Qf2 b4 18. Na4 bxa3 19. Rxa3 Nb4 20. Nc5 d4 21. Nxd7 Qxd7 22. Bd2 Nxd3 23. cxd3 Rc8 24. Bb4 Rfe8 25. Ra5 Bd5 26. Ne5 Qb7 27. Bc5 Bd8 28. Rfa1 Bxa5 29. Rxa5 Qb3 30. h3 Rc7 31. Kh2 Rec8 32. Ra3 Qb5 33. b4 Rxc5 34. bxc5 Rxc5 35. Ra1 a5 36. Re1 a4 37. Re2 Qb4 38. f5 a3 39. f6 Rc8 40. f7+ Kh8 41. Ng6+ 1-0

[Event "Reykjavik Open 2025"]
[Site "Reykjavik"]
[Date "2025.04.12"]
[Round "5.47"]
[White "Thorfinnsson, Bjorn"]
[Black "Balje, Jan"]
[Result "1-0"]
[WhiteElo "2386"]
[WhiteFideId "2300982"]
[BlackElo "2125"]
[BlackFideId "1004085"]
[Variant "Standard"]
[StudyName "ROPen 2025 - Rd5 - Boards 45-108"]
1. d4 Nf6 2. Nf3 d5 3. c4 e6 4. Nc3 c5 5. cxd5 Nxd5 6. e4 Nxc3 7. bxc3 cxd4 8. cxd4 Bb4+ 9. Bd2 Bxd2+ 10. Qxd2 O-O 11. Bd3 Nc6 12. e5 Bd7 13. O-O Qa5 14. Qe3 Ne7 15. Qe4 Ng6 16. Qxb7 Rfd8 17. Ng5 h6 18. Nxf7 1-0

[Event "Reykjavik Open 2025"]
[Site "Reykjavik"]
[Date "2025.04.12"]
[Round "5.48"]
[White "Thorfinnsson, Bragi"]
[Black "Burgalat, Eliot"]
[Result "1/2-1/2"]
[WhiteElo "2375"]
[WhiteTitle "GM"]
[WhiteFideId "2300958"]
[BlackElo "2119"]
[BlackFideId "36068659"]
[Variant "Standard"]
[StudyName "ROPen 2025 - Rd5 - Boards 45-108"]
1. e4 c5 2. Nf3 e6 3. g3 Nc6 4. Bg2 d6 5. O-O Nf6 6. Re1 Be7 7. d4 cxd4 8. Nxd4 Nxd4 9. Qxd4 O-O 10. c4 Qc7 11. Nc3 a6 12. b3 Bd7 13. Bb2 Rfd8 14. Rac1 Rac8 15. h3 Qa5 16. Red1 Bc6 17. Qd2 Qh5 18. Qe1 Qg6 19. Nd5 Bxd5 20. exd5 e5 21. Qb4 Rd7 22. Qb6 Ne4 23. b4 Bg5 24. Bxe4 Qxe4 25. Re1 Qg6 26. Rcd1 Rxc4 27. b5 Rb4 28. Ba3 Rxb5 29. Qa7 h5 30. Bc1 Rc5 31. h4 Bxc1 32. Rxc1 Rdc7 33. Qb8+ Rc8 34. Qxc8+ Rxc8 35. Rxc8+ Kh7 36. Rd8 f5 37. Rc1 f4 38. Kh2 fxg3+ 39. fxg3 Qd3 40. Rc7 Qxd5 41. Rdd7 Qxa2+ 42. Kh3 Qe6+ 43. Kh2 Qf6 44. Rxb7 e4 45. Rf7 Qg6 46. Rfe7 a5 47. Rb5 Qg4 48. Rg5 Qe2+ 49. Kh3 Qf1+ 50. Kh2 Qf2+ 51. Kh3 Qf1+ 52. Kh2 Qe2+ 53. Kh3 Qf1+ 1/2-1/2

[Event "Reykjavik Open 2025"]
[Site "Reykjavik"]
[Date "2025.04.12"]
[Round "5.49"]
[White "Lohia, Sohum"]
[Black "Bourgois, Bastien"]
[Result "1/2-1/2"]
[WhiteElo "2354"]
[WhiteFideId "5819369"]
[BlackElo "2112"]
[BlackFideId "681482"]
[Variant "Standard"]
[StudyName "ROPen 2025 - Rd5 - Boards 45-108"]
1. e4 c5 2. Nf3 Nc6 3. Nc3 e6 4. d4 cxd4 5. Nxd4 Nf6 6. Be2 d6 7. Be3 Be7 8. O-O O-O 9. f4 Bd7 10. Kh1 Nxd4 11. Qxd4 Qa5 12. e5 dxe5 13. fxe5 Nd5 14. Nxd5 Qxd5 15. Qxd5 exd5 16. Rad1 Be6 17. Bf3 Rfd8 18. Rd2 Rd7 19. Rfd1 Rad8 20. a3 b6 21. c3 g5 22. Be2 Kg7 23. Kg1 Kg6 24. Kf2 Bc5 25. Bd3+ Bf5 26. Bb5 Bxe3+ 27. Kxe3 Re7 28. Kd4 f6 29. Re1 Be4 30. exf6 Kxf6 31. Rf2+ Ke6 32. Ref1 Kd6 33. Rf6+ Re6 34. g3 Bg6 35. Bc6 Rxf6 36. Rxf6+ Ke7 37. Ke5 Bf7 38. Rf2 Bg8 39. Rf5 Rd6 40. Rxg5 Bf7 41. Bb5 Re6+ 42. Kf5 Rf6+ 43. Kg4 Be6+ 44. Kh5 Rf2 45. h4 Rxb2 46. Bd3 Rb3 47. Bxh7 Rxc3 48. Rg7+ Kd6 49. Bg8 Rxa3 50. Bxe6 Kxe6 51. Kg4 d4 52. h5 Kf6 53. h6 Ra1 54. Rd7 Kg6 55. h7 Rh1 56. Rxa7 Rxh7 57. Rxh7 Kxh7 58. Kf4 Kg6 59. Ke4 Kg5 60. Kxd4 Kg4 61. Kc4 b5+ 62. Kxb5 Kxg3 1/2-1/2

[Event "Reykjavik Open 2025"]
[Site "Reykjavik"]
[Date "2025.04.12"]
[Round "5.50"]
[White "Blanchet, Mathieu"]
[Black "Ruiz Buendia, Miguel"]
[Result "1/2-1/2"]
[WhiteElo "2091"]
[WhiteFideId "26052610"]
[BlackElo "2353"]
[BlackFideId "24537675"]
[Variant "Standard"]
[StudyName "ROPen 2025 - Rd5 - Boards 45-108"]
1. d4 Nf6 2. c4 e6 3. Nc3 Bb4 4. Bd2 d5 5. e3 O-O 6. Nf3 b6 7. cxd5 exd5 8. Bd3 Re8 9. Ne5 Bd6 10. Nb5 Bf8 11. O-O a6 12. Nc3 Bb7 13. f4 c5 14. Rc1 Nbd7 15. Be1 Ne4 16. Nxe4 Nxe5 17. Ng5 Nxd3 18. Qh5 h6 19. Qxf7+ Kh8 20. Qg6 hxg5 21. fxg5 Ne5 22. dxe5 Rxe5 23. Qh5+ Kg8 24. Qf7+ Kh8 25. Qh5+ Kg8 26. Qf7+ Kh8 27. Rf3 Bc8 28. Qh5+ Kg8 29. Qf7+ Kh8 30. Qh5+ Kg8 1/2-1/2

[Event "Reykjavik Open 2025"]
[Site "Reykjavik"]
[Date "2025.04.12"]
[Round "5.51"]
[White "Ragnarsson, Dagur"]
[Black "Lacroix, Romain"]
[Result "1-0"]
[WhiteElo "2352"]
[WhiteTitle "IM"]
[WhiteFideId "2304058"]
[BlackElo "2101"]
[BlackTitle "CM"]
[BlackFideId "642592"]
[Variant "Standard"]
[StudyName "ROPen 2025 - Rd5 - Boards 45-108"]
1. e4 c6 2. d4 d5 3. exd5 cxd5 4. Bd3 Nf6 5. h3 Nc6 6. c3 g6 7. Nf3 Bf5 8. O-O Bxd3 9. Qxd3 e6 10. Re1 Bd6 11. Bh6 Bf8 12. Bg5 Be7 13. Nbd2 O-O 14. Re2 Qc7 15. Qe3 Nd7 16. Bh6 Rfe8 17. h4 Nf6 18. Bf4 Bd6 19. Bxd6 Qxd6 20. Ne5 Qe7 21. Nd3 h5 22. Qf4 Kg7 23. f3 Ng8 24. Nf1 Qf6 25. Qg3 Nh6 26. Nf4 Kh7 27. Ne3 Ne7 28. Nh3 Nhf5 29. Nxf5 Nxf5 30. Ng5+ Kg7 31. Qf4 Rac8 32. Rf1 Nh6 33. Qd2 Qe7 34. g4 Qd6 35. Rg2 hxg4 36. fxg4 e5 37. Nf3 e4 38. Ne5 Re7 39. Qg5 1-0

[Event "Reykjavik Open 2025"]
[Site "Reykjavik"]
[Date "2025.04.12"]
[Round "5.52"]
[White "Thorisson, Benedikt"]
[Black "Dushyant, Sharma"]
[Result "0-1"]
[WhiteElo "2065"]
[WhiteFideId "2314576"]
[BlackElo "2313"]
[BlackFideId "25065130"]
[Variant "Standard"]
[StudyName "ROPen 2025 - Rd5 - Boards 45-108"]
1. e4 e5 2. Nf3 Nc6 3. Bc4 Bc5 4. c3 Nf6 5. d4 exd4 6. cxd4 Bb4+ 7. Nbd2 Nxe4 8. d5 Nxd2 9. Bxd2 Bxd2+ 10. Qxd2 Ne7 11. O-O-O O-O 12. h4 d6 13. h5 h6 14. Rdg1 f5 15. Bb3 Bd7 16. Nd4 Qe8 17. g4 fxg4 18. Ne6 Bxe6 19. dxe6 Qb5 20. Bc2 Qc4 21. Rg3 Qf4 22. Rhg1 Qxd2+ 23. Kxd2 Rxf2+ 24. Kc1 Nf5 25. Bxf5 Rxf5 26. Rxg4 g5 27. hxg6 Re8 28. Rh4 Kg7 29. Rgh1 Rxe6 30. Rxh6 Rc5+ 31. Kd2 Rxg6 32. Rh7+ Kf6 33. b4 Rc4 34. Kd3 b5 35. R1h3 Ke6 36. a3 Kd5 37. Rf7 Kc6 38. Rf8 Kb7 39. Rf5 a6 40. Rff3 Rg1 41. Kd2 Rg2+ 0-1

[Event "Reykjavik Open 2025"]
[Site "Reykjavik"]
[Date "2025.04.12"]
[Round "5.53"]
[White "Boer, Alef"]
[Black "Frayna, Janelle Mae"]
[Result "1/2-1/2"]
[WhiteElo "2044"]
[WhiteFideId "1007122"]
[BlackElo "2311"]
[BlackFideId "5212499"]
[Variant "Standard"]
[StudyName "ROPen 2025 - Rd5 - Boards 45-108"]
1. e4 c5 2. Nf3 e6 3. c3 Nf6 4. e5 Nd5 5. g3 d6 6. exd6 Bxd6 7. Bg2 O-O 8. O-O b6 9. d4 Bb7 10. Re1 Nd7 11. c4 N5f6 12. Nc3 cxd4 13. Nxd4 Bxg2 14. Kxg2 Bc5 15. Nc2 Qc7 16. Qe2 Qb7+ 17. f3 Rfd8 18. Be3 Bxe3 19. Nxe3 h5 20. Rad1 Ne5 21. Rxd8+ Rxd8 22. Rd1 Rxd1 23. Nexd1 Ned7 24. Nf2 Qc6 25. h3 Nc5 26. Nfe4 Nfxe4 27. Nxe4 Qd7 28. Nxc5 bxc5 29. Qe3 Qd6 30. f4 g6 31. Kf2 a6 32. Ke2 Kf8 33. Qe5 Ke7 34. Qg5+ Ke8 35. Qe5 Kd7 36. Qf6 Qe7 37. Qe5 Kc6 38. Qb8 Qd7 39. a3 Qd4 1/2-1/2

[Event "Reykjavik Open 2025"]
[Site "Reykjavik"]
[Date "2025.04.12"]
[Round "5.54"]
[White "Sarkar, Justin"]
[Black "Clyde, Jordan"]
[Result "0-1"]
[WhiteElo "2305"]
[WhiteTitle "IM"]
[WhiteFideId "2010011"]
[BlackElo "2095"]
[BlackFideId "2616653"]
[Variant "Standard"]
[StudyName "ROPen 2025 - Rd5 - Boards 45-108"]
1. Nf3 Nf6 2. c4 b6 3. g3 Bb7 4. Bg2 e5 5. O-O e4 6. Ne1 h5 7. d3 Qc8 8. Nc3 exd3 9. Qxd3 Be7 10. Nd5 Nxd5 11. cxd5 c5 12. d6 Bf6 13. Nf3 Nc6 14. Bg5 Bxg5 0-1

[Event "Reykjavik Open 2025"]
[Site "Reykjavik"]
[Date "2025.04.12"]
[Round "5.55"]
[White "Divry, Alexandre"]
[Black "George Samir, David"]
[Result "0-1"]
[WhiteElo "2036"]
[WhiteFideId "16286006"]
[BlackElo "2303"]
[BlackFideId "10657789"]
[Variant "Standard"]
[StudyName "ROPen 2025 - Rd5 - Boards 45-108"]
1. d4 Nf6 2. c4 e6 3. Nc3 Bb4 4. f3 c5 5. d5 b5 6. e4 O-O 7. Nh3 bxc4 8. Bxc4 exd5 9. Bxd5 Nxd5 10. Qxd5 Ba6 11. Nf4 Qh4+ 12. g3 Qf6 13. Kf2 Nc6 14. Bd2 Ne5 15. Qb3 Nc4 16. Ncd5 Qd4+ 17. Be3 Nxe3 18. Qxe3 Qxb2+ 19. Ne2 Bd2 20. Qb3 Rab8 21. Qd1 f5 22. Ne7+ Kh8 23. Nxf5 Rxf5 24. exf5 Re8 25. Rb1 Rxe2+ 26. Qxe2 Be3+ 27. Kxe3 Qd4# 0-1

[Event "Reykjavik Open 2025"]
[Site "Reykjavik"]
[Date "2025.04.12"]
[Round "5.56"]
[White "Pisk, Petr"]
[Black "Tessiore, Luca G"]
[Result "1/2-1/2"]
[WhiteElo "2302"]
[WhiteFideId "304689"]
[BlackElo "2087"]
[BlackFideId "30974976"]
[Variant "Standard"]
[StudyName "ROPen 2025 - Rd5 - Boards 45-108"]
1. c4 Nf6 2. Nf3 e6 3. e3 d5 4. d4 Be7 5. Nc3 O-O 6. Bd3 Nbd7 7. O-O dxc4 8. Bxc4 c5 9. Qe2 a6 10. a4 b6 11. Rd1 Bb7 12. d5 exd5 13. Nxd5 Nxd5 14. Bxd5 Bxd5 15. Rxd5 Qc7 16. e4 Nf6 17. Rd1 Qc6 18. Bg5 h6 19. Ne5 Qe6 20. Bxf6 Bxf6 21. Nd7 Rfd8 22. Nxf6+ Qxf6 23. g3 Qc6 24. Rxd8+ Rxd8 25. Qxa6 Rd2 26. a5 Rxb2 27. axb6 Rxb6 28. Qa8+ Qxa8 29. Rxa8+ Kh7 30. Rc8 Rb4 31. Rxc5 Rxe4 1/2-1/2

[Event "Reykjavik Open 2025"]
[Site "Reykjavik"]
[Date "2025.04.12"]
[Round "5.57"]
[White "Bhagat, Kush"]
[Black "Verbitsky, Jaroslaw"]
[Result "1-0"]
[WhiteElo "2301"]
[WhiteFideId "46672940"]
[BlackElo "2065"]
[BlackFideId "16214170"]
[Variant "Standard"]
[StudyName "ROPen 2025 - Rd5 - Boards 45-108"]
1. d4 d5 2. c4 c6 3. Nc3 Nf6 4. Nf3 dxc4 5. e3 b5 6. a4 b4 7. Nb1 Ba6 8. Nbd2 c3 9. bxc3 bxc3 10. Nb1 Bxf1 11. Kxf1 e6 12. Nxc3 Bb4 13. Qb3 c5 14. Ba3 Nc6 15. Ke2 O-O 16. dxc5 Qa5 17. Rhc1 Rab8 18. Bxb4 Rxb4 19. Qa3 Rfb8 20. Nd2 Nd5 21. Nxd5 exd5 22. Rab1 d4 23. Rxb4 Rxb4 24. Rb1 Qxc5 25. Rc1 Qh5+ 26. Ke1 Rb6 27. a5 Ra6 28. Qd6 dxe3 29. Qb8+ 1-0

[Event "Reykjavik Open 2025"]
[Site "Reykjavik"]
[Date "2025.04.12"]
[Round "5.58"]
[White "Luk, Danbe"]
[Black "Ternault, Mathieu"]
[Result "1/2-1/2"]
[WhiteElo "2018"]
[WhiteFideId "66203287"]
[BlackElo "2301"]
[BlackFideId "20641532"]
[Variant "Standard"]
[StudyName "ROPen 2025 - Rd5 - Boards 45-108"]
1. Nf3 Nf6 2. c4 Nc6 3. d4 e6 4. Nc3 Bb4 5. Bg5 d6 6. Rc1 h6 7. Bxf6 Qxf6 8. a3 Bxc3+ 9. Rxc3 O-O 10. g3 e5 11. d5 Nb8 12. Bg2 a5 13. O-O Na6 14. Nd2 Bd7 15. b3 Rab8 16. Qc1 b5 17. cxb5 Bxb5 18. Re1 Qe7 19. a4 Bd7 20. Nc4 Nc5 21. Nxa5 f5 22. Qa3 f4 23. b4 Na6 24. b5 Nc5 25. Nb3 Nxb3 26. Qxb3 Bg4 27. Qc4 Qf6 28. Rf1 Rbe8 29. Bf3 Bh3 30. Bg2 Bg4 31. Bf3 Bd7 32. Rb3 fxg3 33. hxg3 Qg6 34. Bg2 e4 35. Re3 Qg5 36. Rxe4 Rxe4 37. Qxe4 Qd2 38. Bf3 Bh3 39. Bg2 Bd7 40. Qc4 Qa5 41. Rc1 Qd2 42. Bf3 Ra8 43. Rb1 Bf5 44. Be4 Bh3 45. Bg2 Bxg2 46. Kxg2 Re8 47. Qd3 Qa2 48. Rc1 Rxe2 49. Qf5 Re5 50. Qf3 Re7 51. Qf5 Rf7 52. Rc2 Qxa4 53. Qd3 Re7 54. Re2 Rxe2 55. Qxe2 Qa8 56. Qe6+ Kh8 57. Qe4 Qb8 1/2-1/2

[Event "Reykjavik Open 2025"]
[Site "Reykjavik"]
[Date "2025.04.12"]
[Round "5.59"]
[White "Llari, Marc"]
[Black "Deboushnik, De"]
[Result "1/2-1/2"]
[WhiteElo "2299"]
[WhiteFideId "651044269"]
[BlackElo "2038"]
[BlackFideId "25768778"]
[Variant "Standard"]
[StudyName "ROPen 2025 - Rd5 - Boards 45-108"]
1. d4 d5 2. c4 e6 3. Nc3 a6 4. cxd5 exd5 5. Nf3 h6 6. Bf4 Nf6 7. e3 Bd6 8. Bxd6 Qxd6 9. Bd3 Bg4 10. h3 Bxf3 11. Qxf3 Nbd7 12. O-O O-O 13. Rab1 c6 14. Rfc1 Rfe8 15. Qd1 c5 16. dxc5 Nxc5 17. Be2 Rad8 18. Rc2 Nce4 19. Qd4 Nxc3 20. Rxc3 Ne4 21. Rc2 Re5 22. Rbc1 Qf6 23. Bd3 Ree8 24. Qxf6 Nxf6 25. Rc7 Rb8 26. g4 Kf8 27. Be2 Re7 28. Bf3 Rd8 29. R7c3 g5 30. Rb3 Rdd7 31. Kf1 b5 32. Rd3 Re8 33. Rd4 Ke7 34. Be2 Kd6 35. Rc3 Rc7 36. Ra3 Rc6 37. Bf3 Ke5 38. Ra5 Rb8 1/2-1/2

[Event "Reykjavik Open 2025"]
[Site "Reykjavik"]
[Date "2025.04.12"]
[Round "5.60"]
[White "Vihaan, Karthikeya N"]
[Black "Ronka, Erik"]
[Result "1/2-1/2"]
[WhiteElo "2024"]
[WhiteFideId "25950673"]
[BlackElo "2295"]
[BlackFideId "505080"]
[Variant "Standard"]
[StudyName "ROPen 2025 - Rd5 - Boards 45-108"]
1. d4 d5 2. c4 dxc4 3. e3 e5 4. Bxc4 Nc6 5. Nf3 e4 6. Nfd2 Qg5 7. Nxe4 Qxg2 8. Ng3 Qh3 9. Nc3 Bd6 10. Qf3 Nf6 11. Nce4 Nxe4 12. Qxe4+ Ne7 13. Rg1 O-O 14. Bd2 Kh8 15. Bc3 f5 16. Qg2 Qxg2 17. Rxg2 Ng6 18. O-O-O Bd7 19. b3 Rae8 20. Nh5 Re7 21. d5 Be5 22. Bb4 Bd6 23. Bc3 Be5 24. Bb4 Bd6 25. Bc3 1/2-1/2

[Event "Reykjavik Open 2025"]
[Site "Reykjavik"]
[Date "2025.04.12"]
[Round "5.61"]
[White "Gudmundsson, Gunnar Erik"]
[Black "Xu, Yuanyuan"]
[Result "0-1"]
[WhiteElo "2018"]
[WhiteFideId "2314339"]
[BlackElo "2288"]
[BlackFideId "8601089"]
[Variant "Standard"]
[StudyName "ROPen 2025 - Rd5 - Boards 45-108"]
1. d4 Nf6 2. c4 e6 3. Nf3 d5 4. Nc3 c6 5. e3 Nbd7 6. Qc2 Bd6 7. Be2 dxc4 8. a4 Nb6 9. e4 Bb4 10. O-O h6 11. Rd1 O-O 12. Ne5 Nfd7 13. a5 Nxe5 14. dxe5 Nd7 15. Qa4 Qe7 16. Bf4 b5 17. axb6 Nxb6 18. Qc2 a5 19. Na4 Nxa4 20. Rxa4 Ba6 21. Bxc4 Qc5 22. Bd3 Qxc2 23. Bxc2 Rad8 24. Raa1 Be2 25. Rdc1 c5 26. Be3 c4 27. Ba4 Rb8 28. Bd4 Rfd8 29. Bd1 Bd3 30. Be3 Rb5 31. f3 Rxe5 32. Bb6 Bc5+ 33. Bxc5 Rxc5 34. Ra3 Rb5 35. b3 cxb3 36. Bxb3 Rdb8 37. Bxe6 fxe6 38. Rxd3 Rb2 39. f4 R8b4 40. f5 Rxe4 41. fxe6 Rxe6 42. Rg3 Kh7 43. Ra1 Ree2 44. h3 Ra2 45. Rxa2 Rxa2 46. Rc3 Kg6 47. Rc7 Re2 48. Rc5 a4 49. Ra5 Re4 50. Ra7 h5 51. Ra6+ Kg5 52. Ra5+ Kh6 53. Kh2 Rb4 54. Ra7 Kg6 55. Ra5 Rc4 56. Ra7 Kf6 57. Ra5 g6 58. Ra6+ Kf5 59. Kg1 h4 60. Kh2 g5 61. Ra5+ Kf4 62. Kg1 g4 63. hxg4 Kg3 64. Kf1 Rc1+ 65. Ke2 Kxg2 66. g5 Rc4 67. g6 Rg4 68. g7 Rxg7 69. Rxa4 h3 70. Ke3 h2 71. Ra2+ Kh3 72. Ra1 Rg1 0-1

[Event "Reykjavik Open 2025"]
[Site "Reykjavik"]
[Date "2025.04.12"]
[Round "5.62"]
[White "Balton, Tim"]
[Black "Le Goff, Ronan"]
[Result "0-1"]
[WhiteElo "1988"]
[WhiteFideId "1478060"]
[BlackElo "2282"]
[BlackFideId "612073"]
[Variant "Standard"]
[StudyName "ROPen 2025 - Rd5 - Boards 45-108"]
1. d4 d5 2. e3 Nf6 3. Bd3 Bg4 4. Nf3 e6 5. Nbd2 c5 6. c3 Nc6 7. O-O Be7 8. h3 Bh5 9. Re1 O-O 10. b3 cxd4 11. exd4 a6 12. a4 Rb8 13. Ba3 Qc7 14. Qe2 Rfc8 15. Bxe7 Nxe7 16. Rec1 Qd8 17. a5 Rc7 18. g4 Bg6 19. Rc2 Rbc8 20. Rac1 Bxd3 21. Qxd3 Nc6 22. b4 Na7 23. Ne5 Nb5 24. f3 Ne8 25. Qe3 Qd6 26. Kg2 f6 27. Nd3 Na3 28. Ra2 Rxc3 29. Rxa3 Rxc1 30. Nxc1 Rxc1 31. Rc3 Rxc3 32. Qxc3 Qc7 33. Qxc7 Nxc7 34. Nb3 Nb5 35. Kf2 Kf7 36. Ke3 Nd6 37. Nc5 g5 38. f4 h6 39. Kf3 Ke7 40. Ke3 Kf7 41. Kf3 Nb5 42. Nb3 gxf4 43. Kxf4 Nxd4 44. Nc5 e5+ 45. Kg3 Nc6 46. Nxb7 Nxb4 47. Nc5 Ke7 48. Kh4 Kd6 49. Nb3 d4 50. Kh5 d3 51. Nd2 Kd5 52. Kxh6 e4 0-1

[Event "Reykjavik Open 2025"]
[Site "Reykjavik"]
[Date "2025.04.12"]
[Round "5.63"]
[White "Arun, Nitish"]
[Black "Sriansh, Das"]
[Result "1/2-1/2"]
[WhiteElo "2004"]
[WhiteFideId "2524201"]
[BlackElo "2278"]
[BlackFideId "45030081"]
[Variant "Standard"]
[StudyName "ROPen 2025 - Rd5 - Boards 45-108"]
1. d4 d5 2. c4 e6 3. Nc3 Nf6 4. cxd5 exd5 5. Bg5 Be7 6. e3 O-O 7. Bd3 c6 8. Qc2 Nbd7 9. Nf3 Re8 10. O-O Nf8 11. Rab1 h6 12. Bh4 a5 13. a3 Ne6 14. b4 Nd7 15. Bxe7 Qxe7 16. Na4 axb4 17. axb4 b5 18. Nc5 Ndxc5 19. dxc5 Qf6 20. Bf5 Ra3 21. Bxe6 fxe6 22. Qb2 Qxb2 23. Rxb2 e5 24. h3 Bf5 25. Rd1 Kf7 26. Nd2 Rea8 27. e4 dxe4 28. Nb3 Be6 29. Na5 Bd5 30. Rbd2 Ke6 31. Nxc6 Bxc6 32. Rd6+ Ke7 33. Rxc6 Rd3 34. Re1 Rd4 35. f3 Rxb4 36. fxe4 Raa4 37. Rb6 1/2-1/2

[Event "Reykjavik Open 2025"]
[Site "Reykjavik"]
[Date "2025.04.12"]
[Round "5.64"]
[White "Gajcin, Marina"]
[Black "Petursson, Gudni"]
[Result "1-0"]
[WhiteElo "2217"]
[WhiteTitle "WGM"]
[WhiteFideId "949086"]
[BlackElo "1987"]
[BlackFideId "2301725"]
[Variant "Standard"]
[StudyName "ROPen 2025 - Rd5 - Boards 45-108"]
1. e4 e5 2. Nf3 Nc6 3. Bc4 Nf6 4. d3 Bc5 5. O-O O-O 6. a4 a6 7. c3 Ba7 8. Nbd2 d6 9. h3 h6 10. Re1 Re8 11. b4 Be6 12. Bxe6 Rxe6 13. Qb3 Re8 14. Nf1 Qd7 15. Ng3 Ne7 16. d4 Ng6 17. Be3 Qe6 18. Qc2 Nd7 19. Rad1 Qf6 20. Qc1 Nh4 21. Nxh4 Qxh4 22. Nf5 Qf6 23. d5 Nf8 24. a5 Ng6 25. Bxa7 Rxa7 26. Qe3 Raa8 27. g3 Ne7 28. Nh4 Ng6 29. Ng2 Ne7 30. Kh2 c6 31. c4 cxd5 32. cxd5 Rec8 33. Rc1 Ng6 34. Qb6 Rxc1 35. Rxc1 Rf8 36. Qxb7 Qxf2 37. Qxa6 Qf3 38. Qxd6 Qxe4 39. a6 h5 40. a7 h4 41. Qxf8+ Nxf8 1-0